00750nam a2200217 i 450000100060000000300090000600500170001500700030003200800410003502000180007608000150009410000240010924501150013326000580024830000280030649000540033465000340038870000230042283000540044585200330049914273ES-MaACL20230906150749.0t|981125s1990 xxu ||||1| eng d a0-226-89914-4 a821.111.081 aWilliams, Joseph M.10aStyle b: toward clarity and grace / cJoseph M. Williams ; with two chapters coauthored by Gregory G. Colomb. aChicago : bThe University of Chicago Press, c[1990] aXVII, 208 p. ; c22 cm.1 aChicago guides to writing, editing and publishing14aLengua inglesa-xRedacción.1 aColomb, Gregory G.0 aChicago guides to writing, editing and publishing aES-MaACLjL-21531 bR.119677